=LDR 00000nam 2200000 4500 =001 INLIS000000000000242 =005 20150303080325.0 =006 =007 =008 Ind =035 ##$$0010-061300000000242 =041 ##$$a Ind =082 ##$$a 615.905 =090 ##$$a 615.905 Pal p =100 ##$$a Palar, Heryando =245 ##$$a Perencanaan dan toksilogi logam berat / Heryando Palar =260 ##$$aJakarta$bRemaja Cipta$c1994 =300 ##$$a ix, 152 hlm. : ilus. ; 21 cm =650 ##$$a Toksilogi Industri-Pencegahan =850 ##$$a NBPNMAT